Vypustí sa hanobenie prezidenta z Trestného zákona? poslanec SDKÚ T. Galbavý tvrdí, že ...

Bibliographic Details
Main Author: Borčin, Ján (Author)
Format: Article
Language:Slovak
PhysicalDescription:Fotogr.
Subjects:

MARC

LEADER 00000nab a2200000 a 4500
001 vtls000774648
003 SK-MaSNL
005 20260304015601.0
008 180206c2001 xo 0 slo
015 |a SNBRB2001/11-33040 
035 |a CLN000126435 
040 |a SNKBUCL  |b slo  |c SNKBUCL  |e AACR2 
041 0 |a slo 
044 |a xo  |c SK 
080 |a 328.1(437.6):343  |2 UDC-MRF-SK2 
080 |a 343(437.6):340.133  |2 UDC-MRF-SK2 
100 1 |a Borčin, Ján  |4 aut  |9 603520 
245 1 0 |a Vypustí sa hanobenie prezidenta z Trestného zákona?  |b poslanec SDKÚ T. Galbavý tvrdí, že ...  |c Ján Borčin 
300 |b Fotogr. 
610 1 7 |a Slovensko.  |b Národná rada  |2 snkbucl  |9 165573 
630 0 7 |a Trestný zákon  |x novelizácia  |y 2001  |2 snkbucl  |9 848148 
655 7 |a články z novín a časopisov  |2 snkbucl  |9 267496 
773 0 |t Národná obroda  |g Roč. 12, č. 257 (8.11.2001), s. 2 
850 |a Slovenská národná knižnica v Martine 
852 |a SNK  |b KIS3GCP 
958 |a RBX 
999 |c 2592413  |d 2594343